Movies Quiz

Random Movies or Pixar Quiz

Up Characters Slideshow Quiz Stats

Quiz not verified by Sporcle

Also try: Aliens Attack!
Challenge
Share
Tweet
Score 0/8 Timer 05:00
0 Plays Today
% Correct
Kevin
96.3%
Carl Fredricksen
95.7%
Dug
95.7%
Russell
91.4%
Ellie Fredricksen
84.7%
Charles Muntz
79.8%
Alpha
79.1%
Beta and Gamma
63.2%

You're not logged in!

Compare scores with friends on all Sporcle quizzes.
Sign Up with Email
OR
Log In

You Might Also Like...

Show Comments

Extras

Top Quizzes Today


Score Distribution

Your Account Isn't Verified!

In order to create a playlist on Sporcle, you need to verify the email address you used during registration. Go to your Sporcle Settings to finish the process.